000
003150000a22001450004500
005
20120302060454.0
942
_c
BOOK
100
_a
Degwekar,Ma.Pa.
245
_a
Drushtaanta Ratnaakar
260
_a
Pune:Heramba Prakaashan,2000.
300
_a
28p.
040
_a
SAN
365
_b
10/-
650
_a
Tatvadnyaan
999
_c
351281
_d
351278